|
|
|
|
| LEADER |
00000nab a2200000 a 4500 |
| 001 |
vtls000381917 |
| 003 |
SK-MaSNL |
| 005 |
20260305005219.0 |
| 008 |
111202c1990 xo 0 slo |
| 015 |
|
|
|a SNBRB19rr/mm-uuuuu
|
| 035 |
|
|
|a CL0382039
|
| 040 |
|
|
|a SNKBUCL
|b slo
|c SNKBUCL
|e AACR2
|
| 041 |
0 |
|
|a slo
|
| 044 |
|
|
|a xo
|c SK
|
| 080 |
|
|
|a 75.071.1:061.4
|2 1981
|
| 080 |
|
|
|a 76.071.1:061.4
|2 1981
|
| 080 |
|
|
|a 069.6.02(437.6):73/77
|2 1981
|
| 100 |
1 |
|
|a Gajdošová, Danica
|4 aut
|9 949887
|
| 245 |
1 |
0 |
|a Šťastlivec i zatratenec zároveň
|c Danica Gajdošová
|
| 600 |
1 |
7 |
|a Ilavský, Svetozár,
|d 1958-
|2 snkbucl
|9 213501
|
| 600 |
1 |
7 |
|a Bertolini, Michéle,
|d 1962-
|2 snkbucl
|9 262172
|
| 610 |
2 |
7 |
|a B & M Gallery (Bratislava, Slovensko)
|2 snkbucl
|9 1285003
|
| 648 |
|
7 |
|a 1990
|2 snkbucl
|9 276735
|
| 650 |
0 |
7 |
|a výstavy
|2 snkbucl
|9 2780
|
| 655 |
|
7 |
|a články z novín a časopisov
|2 snkbucl
|9 267496
|
| 773 |
0 |
|
|t Slovenský denník
|g Roč. 1, č. 9 (25.4.1990), s. 4
|
| 850 |
|
|
|a Slovenská národná knižnica v Martine
|a MTA001
|
| 852 |
|
|
|a SNK
|b KIS3GCP
|
| 958 |
|
|
|a RK
|
| 958 |
|
|
|a IT
|
| 992 |
|
|
|a RBX
|
| 999 |
|
|
|c 3239321
|d 3241251
|